000 00640nam a2200217Ia 4500
005 20250508164705.0
008 008 250505s9999 xx 000 0 eng d
020 _a978-1-4129-6069-4
037 _aTextual
040 _aFEDL
_beng
_cFEDL
041 _aeng
_2eng
084 _a371.9, BAR
_qFEDL
100 _aBarratt Sarah J
_9778870
245 0 _aSpeical educator's tool kit
260 _aNew Delhi, India
_bSage Publications India Pvt Ltd
_c2008
300 _axv,171p.
365 _aINR
_b350
546 _aAcc. No. 93843 is gifted by prof. Salaja Chennat
942 _cTEXL
_h371.9, BAR
999 _c1390592
_d1390592